| 000 | 00579nam a22001577a 4500 | ||
|---|---|---|---|
| 999 |
_c534531 _d534531 |
||
| 020 | _qHard Cover. | ||
| 082 | _a620.5 | ||
| 100 | _aMuhammad Umair Idress. | ||
| 245 |
_aFabrication of Nio.5 Mgo.5 Fe2O4/Reduced Graphene Oxide based Electrochemical Sensor for the detection of Lead / _cMuhammad Umair Idress. |
||
| 260 |
_aIslamabad : _bSCME - NUST, _c2017. |
||
| 300 |
_ax, 62 p. : ill. ; _c30cm. |
||
| 942 |
_2ddc _cTHE |
||
| 650 |
_aNanoscience and Engineering - MS Thesis _916136 |
||
| 700 |
_aDr. Zakir Hussain. _916137 |
||